Music Quiz

Random Music or Lyrics Quiz

'Blueberry Hill' Lyrics Quiz Stats

Quiz Updated Oct 25, 2017

Challenge
Share
Tweet
Embed
Score 0/100 Timer 06:00
0 Plays Today
Lyrics % Correct
Blueberry
99.1%
Blueberry
99.1%
Blueberry
99.1%
Blueberry
99.1%
Blueberry
99.1%
Hill
99%
Hill,
99%
Hill
99%
Hill
99%
Hill
99%
I
98.6%
I
98.6%
on
97.2%
On
97.2%
on
97.2%
on
97.2%
on
97.2%
my
94.2%
my
94.2%
my
94.2%
my
94.2%
found
89.5%
found
89.5%
thrill
88.2%
thrill
88.1%
thrill
88.1%
The
82.8%
The
82.8%
the
82.8%
The
82.8%
the
82.8%
you
82.8%
you
82.8%
you
82.8%
Lyrics % Correct
you
82.8%
when
69.2%
we
68.9%
me
65.1%
me
65.1%
And
64%
in
62%
in
62%
to
58.5%
to
58.5%
Were
56.8%
we're
56.8%
were
56.8%
Were
56.8%
we're
56.8%
were
56.8%
be
53.9%
be
53.9%
of
52.8%
of
52.8%
of
52.8%
of
52.8%
still
47.4%
still
47.4%
still
47.4%
For
44.7%
For
44.7%
all
37.4%
all
37.4%
But
36.6%
But
36.6%
you're
35.3%
you're
35.3%
wind
34.3%
Lyrics % Correct
wind
34.3%
stood
33.9%
moon
33.1%
apart,
32%
apart,
32%
sweet
30.5%
sweet
30.5%
willow
30.3%
willow
30.3%
never
28.2%
never
28.2%
Love's
27.5%
Love's
27.5%
melody
27.3%
melody
27.3%
Though
26.8%
Though
26.8%
those
26.2%
those
26.2%
made
24.4%
made
24.4%
true
24.3%
came
23.8%
part
23.5%
part
23.5%
dream
22.9%
until
21.9%
vows
19.8%
vows
19.8%
played
19.6%
played
19.6%
lingered
17.1%

You're not logged in!

Compare scores with friends on all Sporcle quizzes.
Sign Up with Email
OR
Log In

You Might Also Like...

Show Comments

Extras

Top Quizzes Today


Score Distribution

Your Account Isn't Verified!

In order to create a playlist on Sporcle, you need to verify the email address you used during registration. Go to your Sporcle Settings to finish the process.

Report this User

Report this user for behavior that violates our Community Guidelines.

Details: